[Event "RUS Cup final (Women)"]
[Site "St Petersburg"]
[Date "2009.11.06"]
[Round "2.2"]
[White "Shumiakina, Tatiana"]
[Black "Turova, Irina"]
[Result "1/2-1/2"]
[WhiteElo "2322"]
[BlackElo "2384"]
[PlyCount "51"]
[EventDate "2009.11.03"]
[EventType "k.o."]
[EventRounds "5"]
[EventCountry "RUS"]
[SourceTitle "EXT 2010"]
[Source "ChessBase"]
[SourceDate "2010.11.25"]
[SourceVersion "1"]
[SourceVersionDate "2010.11.25"]
[SourceQuality "1"]

1. Nf3 Nf6 2. c4 c5 3. Nc3 Nc6 4. d4 cxd4 5. Nxd4 e6 6. a3 a6 7. e4 Qc7 8. Be3 d6 9. Be2 Nxd4 10. Qxd4 Be7 11. 0-0 Bd7 12. Rac1 0-0 13. Rfd1 Rfd8 14. b4 Be8 15. Bg5 h6 16. Bh4 Rac8 17. Bg3 Qb8 18. Qe3 Nd7 19. c5 Ne5 20. f4 Nc6 21. cxd6 Bxd6 22. e5 Be7 23. Ne4 Nd4 24. Rxc8 Nxe2+ 25. Qxe2 Qxc8 26. Nd6 1/2-1/2

[Event "St Petersburg Rudenko Memorial (Women)"]
[Site "St Petersburg"]
[Date "2009.09.02"]
[Round "8"]
[White "Bodnaruk, Anastasia"]
[Black "Shumiakina, Tatiana"]
[Result "1-0"]
[WhiteElo "2388"]
[BlackElo "2334"]
[PlyCount "137"]
[EventDate "2009.08.24"]
[EventType "swiss"]
[EventRounds "9"]
[EventCountry "RUS"]
[SourceTitle "CBM 132 Extra"]
[Source "ChessBase"]
[SourceDate "2009.11.03"]
[SourceVersion "1"]
[SourceVersionDate "2009.11.03"]
[SourceQuality "1"]

1. e4 c5 2. Nc3 Nc6 3. Nge2 e6 4. d4 cxd4 5. Nxd4 a6 6. Nxc6 bxc6 7. Bd3 d5 8. 0-0 Nf6 9. e5 Nd7 10. f4 Be7 11. Qh5 g6 12. Qe2 Qc7 13. Nd1 Nc5 14. Nf2 h5 15. Be3 a5 16. Rac1 a4 17. Bxc5 Bxc5 18. c4 Qb6 19. cxd5 cxd5 20. Qc2 Be7 21. Kh1 Bd7 22. Nh3 Rb8 23. Rf2 Rc8 24. Qb1 0-0 25. Rfc2 Kg7 26. Rxc8 Rxc8 27. Rxc8 Bxc8 28. Qc2 Bd7 29. g3 Qe3 30. Kg2 Bc5 31. Qe2 Qd4 32. Ng5 a3 33. bxa3 Bxa3 34. Qc2 Bc5 35. Nf3 Qb4 36. Qb3 Qa5 37. Kf1 Bc6 38. Ke2 Ba7 39. Qc2 Ba4 40. Qd2 Qc5 41. Kf1 Bb6 42. Kg2 Qa3 43. Qe2 Qc1 44. Qd2 Qc5 45. Qe2 Qc7 46. h3 Qc5 47. g4 Qc1 48. Kg3 h4+ 49. Nxh4 Bd1 50. Qe1 Be3 51. Ng2 Bd2 52. Qf1 d4 53. f5 exf5 54. gxf5 gxf5 55. Qxf5 Bh6 56. h4 Qd2 57. Kh2 Bh5 58. Qh7+ Kf8 59. Qh8+ Ke7 60. Qf6+ Kf8 61. e6 Qxd3 62. Qxh6+ Ke7 63. Qxh5 fxe6 64. Qg5+ Kd7 65. h5 Qe4 66. h6 d3 67. Qg7+ Kc6 68. h7 d2 69. h8Q 1-0

[Event "St Petersburg Rudenko Memorial (Women)"]
[Site "St Petersburg"]
[Date "2009.08.30"]
[Round "5"]
[White "Shumiakina, Tatiana"]
[Black "Shaydullina, Sandugach"]
[Result "0-1"]
[WhiteElo "2334"]
[BlackElo "2243"]
[PlyCount "76"]
[EventDate "2009.08.24"]
[EventType "swiss"]
[EventRounds "9"]
[EventCountry "RUS"]
[SourceTitle "CBM 132 Extra"]
[Source "ChessBase"]
[SourceDate "2009.11.03"]
[SourceVersion "1"]
[SourceVersionDate "2009.11.03"]
[SourceQuality "1"]

1. d4 d5 2. Nf3 Nf6 3. c4 c6 4. Nc3 e6 5. Bg5 h6 6. Bxf6 Qxf6 7. e3 Nd7 8. Bd3 g6 9. 0-0 dxc4 10. Bxc4 Qe7 11. e4 Bg7 12. e5 0-0 13. Re1 Rd8 14. Qe2 b6 15. Bd3 Bb7 16. Be4 Rab8 17. Rad1 Nf8 18. h4 Rd7 19. g3 Rbd8 20. Rc1 f5 21. exf6 Bxf6 22. Ne5 Rxd4 23. Nxg6 Qf7 24. Nxf8 Rxf8 25. Bg2 e5 26. Ne4 Be7 27. Nd2 Bb4 28. Red1 Bxd2 29. Rxd2 Ba6 30. Qe3 c5 31. Rdd1 Qf6 32. Re1 Rd3 33. Qxe5 Qxf2+ 34. Kh2 Rd2 35. Qe4 Kh8 36. Rf1 Bxf1 37. Rxf1 Qxf1 38. Qe5+ Qf6 0-1

[Event "St Petersburg Rudenko Memorial (Women)"]
[Site "St Petersburg"]
[Date "2009.08.27"]
[Round "2"]
[White "Larina, Marija"]
[Black "Shumiakina, Tatiana"]
[Result "0-1"]
[WhiteElo "2074"]
[BlackElo "2334"]
[PlyCount "100"]
[EventDate "2009.08.24"]
[EventType "swiss"]
[EventRounds "9"]
[EventCountry "RUS"]
[SourceTitle "CBM 132 Extra"]
[Source "ChessBase"]
[SourceDate "2009.11.03"]
[SourceVersion "1"]
[SourceVersionDate "2009.11.03"]
[SourceQuality "1"]

1. e4 c5 2. Nf3 Nc6 3. d4 cxd4 4. Nxd4 Nf6 5. Nc3 e6 6. Ndb5 d6 7. Bf4 e5 8. Bg5 a6 9. Na3 b5 10. Nd5 Be7 11. Bxf6 Bxf6 12. c4 b4 13. Nc2 a5 14. Qf3 Be6 15. Nxf6+ Qxf6 16. Qxf6 gxf6 17. Bd3 Ke7 18. b3 a4 19. Kd2 Ra5 20. g3 Rha8 21. f4 axb3 22. axb3 Nd4 23. Rab1 Ra2 24. f5 Bd7 25. Kc1 Nxc2 26. Bxc2 Bc6 27. Rb2 Ra1+ 28. Rb1 R1a3 29. Re1 Kd7 30. Kd2 Ra2 31. Re2 Kc7 32. Ke3 Kb6 33. Rd2 Kc5 34. h3 R8a3 35. Kd3 Ra8 36. Ke3 h5 37. Re2 Rg8 38. Kf3 Rg5 39. g4 Rg8 40. Rg1 hxg4+ 41. hxg4 Rh8 42. Rd1 Rh3+ 43. Kg2 Rc3 44. Bd3 Rxd3 45. Rxd3 Rxe2+ 46. Kf3 Rxe4 47. Kg3 Re1 48. Kf2 Rc1 49. Rd2 Rc3 50. Rb2 d5 0-1

[Event "EU-ch (Women) 10th"]
[Site "St Petersburg"]
[Date "2009.03.19"]
[Round "11"]
[White "Shumiakina, Tatiana"]
[Black "Arakhamia Grant, Ketevan"]
[Result "0-1"]
[WhiteElo "2324"]
[BlackElo "2500"]
[PlyCount "168"]
[EventDate "2009.03.08"]
[EventType "swiss"]
[EventRounds "11"]
[EventCountry "RUS"]
[SourceTitle "CBM 129 Extra"]
[Source "ChessBase"]
[SourceDate "2009.05.05"]
[SourceVersion "2"]
[SourceVersionDate "2009.05.20"]
[SourceQuality "1"]

1. d4 Nf6 2. Nf3 g6 3. c4 Bg7 4. g3 0-0 5. Bg2 d6 6. 0-0 Nc6 7. Nc3 a6 8. b3 Rb8 9. Nd5 Nh5 10. Bb2 e6 11. Nc3 Ne7 12. e4 b5 13. cxb5 axb5 14. b4 Bd7 15. Qd2 Nc8 16. Qd3 Nb6 17. Nd2 f5 18. Rfe1 f4 19. e5 d5 20. Nf3 g5 21. g4 Bh6 22. h3 Ng7 23. Bc1 Nc4 24. Bf1 Be8 25. Qc2 Bg6 26. Bd3 Bxd3 27. Qxd3 Ne8 28. Rb1 c6 29. Kg2 Rf7 30. a3 Nc7 31. Rh1 Rg7 32. Rb3 Qe7 33. Nb1 Kh8 34. Rc3 Rbg8 35. Nbd2 Rg6 36. Nb1 Bf8 37. Nbd2 Qf7 38. Nb1 Be7 39. Rb3 R6g7 40. Rc3 Na8 41. Qc2 Nab6 42. Rb3 Nd7 43. Nc3 Ra8 44. Nb1 h5 45. Nbd2 Rh7 46. Nh2 Kg7 47. Ndf3 Nf8 48. Kf1 Ng6 49. Rg1 hxg4 50. Rxg4 Rh5 51. h4 Qf5 52. Qd3 Rah8 53. Rg2 Nxh4 54. Nxh4 Rxh4 55. Qxf5 exf5 56. Kg1 Kf7 57. f3 Ke6 58. Nf1 Bd8 59. Kf2 R8h5 60. Ke2 Bb6 61. Rd3 Rh1 62. Rd1 Kd7 63. Rd3 Bd8 64. Rd1 Be7 65. Rd3 Rh8 66. Rd1 Ra8 67. Rd3 Ra7 68. Kf2 Rh8 69. Rh2 Rha8 70. Rh7 Nxa3 71. Nd2 Nc4 72. Nb3 Ke6 73. Rh6+ Kf7 74. Rxc6 Bxb4 75. Rf6+ Ke7 76. Rxf5 Ra2+ 77. Kf1 Rg8 78. Rf6 Rh8 79. Kg1 Rah2 80. Bxf4 gxf4 81. Rxf4 Rh1+ 82. Kg2 R8h2+ 83. Kg3 Be1+ 84. Kg4 Rg2+ 0-1

[Event "EU-ch (Women) 10th"]
[Site "St Petersburg"]
[Date "2009.03.17"]
[Round "9"]
[White "Cherenkova, Kristina"]
[Black "Shumiakina, Tatiana"]
[Result "0-1"]
[WhiteElo "2270"]
[BlackElo "2324"]
[PlyCount "80"]
[EventDate "2009.03.08"]
[EventType "swiss"]
[EventRounds "11"]
[EventCountry "RUS"]
[SourceTitle "CBM 129 Extra"]
[Source "ChessBase"]
[SourceDate "2009.05.05"]
[SourceVersion "2"]
[SourceVersionDate "2009.05.20"]
[SourceQuality "1"]

1. e4 d6 2. d4 Nf6 3. Nc3 e5 4. Nf3 Nbd7 5. Bc4 Be7 6. 0-0 0-0 7. Re1 c6 8. a4 b6 9. b3 a6 10. Bb2 Bb7 11. d5 c5 12. Nd2 Ne8 13. Ne2 g6 14. Nf1 Ng7 15. Ne3 Bg5 16. Rf1 Nf6 17. Qd3 Qe7 18. f3 Nfh5 19. g4 Nf4 20. Nxf4 Bxf4 21. Ng2 Bh6 22. Rae1 Ne8 23. f4 Bg7 24. f5 g5 25. Bc1 h6 26. h4 f6 27. Re3 Nc7 28. Rh3 b5 29. hxg5 fxg5 30. f6 Bxf6 31. Rxh6 bxc4 32. Qh3 Bg7 33. Rxf8+ Rxf8 34. Rh5 Qf6 35. Rxg5 Qf1+ 36. Kh2 Ne8 37. Be3 Bc8 38. Qh5 Nf6 39. Rxg7+ Kxg7 40. Bh6+ Kh7 0-1

[Event "EU-ch (Women) 10th"]
[Site "St Petersburg"]
[Date "2009.03.11"]
[Round "4"]
[White "Yakovich, Yuliya"]
[Black "Shumiakina, Tatiana"]
[Result "0-1"]
[WhiteElo "2125"]
[BlackElo "2324"]
[PlyCount "134"]
[EventDate "2009.03.08"]
[EventType "swiss"]
[EventRounds "11"]
[EventCountry "RUS"]
[SourceTitle "CBM 129 Extra"]
[Source "ChessBase"]
[SourceDate "2009.05.05"]
[SourceVersion "2"]
[SourceVersionDate "2009.05.20"]
[SourceQuality "1"]

1. e4 e5 2. Nf3 Nc6 3. Bc4 Be7 4. d4 d6 5. Nc3 Nf6 6. h3 0-0 7. 0-0 a6 8. Re1 exd4 9. Nxd4 Nxd4 10. Qxd4 b5 11. Bd5 c5 12. Qd1 Rb8 13. Bf4 Nd7 14. a4 b4 15. Nb1 Nb6 16. Nd2 Bf6 17. Nf3 Bxb2 18. Bxd6 Nxd5 19. Bxf8 Qxf8 20. exd5 Bxa1 21. Qxa1 Bd7 22. Ne5 Rd8 23. Nc4 h6 24. Re5 f6 25. Re3 Be8 26. Re6 Bf7 27. Rxa6 Bxd5 28. Ne3 Bf7 29. Rb6 c4 30. a5 Qc5 31. Rb7 Ra8 32. a6 Qc6 33. Rxb4 Rxa6 34. Qc3 Qc7 35. Qb2 Ra7 36. Qd4 c3 37. g3 Ra1+ 38. Kh2 Qc6 39. Qe4 Qxe4 40. Rxe4 Re1 41. Rd4 Bg6 42. Rc4 Re2 43. Kg2 Bxc2 44. Kf3 Rd2 45. Rxc3 Bd3 46. h4 f5 47. Kg2 Be4+ 48. Kf1 Ra2 49. Rc1 g5 50. hxg5 hxg5 51. Ng2 Kf7 52. Ne1 Kf6 53. f3 Bb7 54. Rb1 Ba6+ 55. Kg1 Ke5 56. Rc1 Kd4 57. Nc2+ Kc3 58. Ne1+ Kd2 59. Rb1 Ke2 60. Kg2 Bc4 61. Rc1 Bd5 62. Kh3 Rd2 63. f4 g4+ 64. Kh4 Be4 65. Ra1 Rd1 66. Ra2+ Kxe1 67. Kg5 Rd3 0-1

[Event "RUS Cup Regions"]
[Site "Belgorod"]
[Date "2008.11.24"]
[Round "5"]
[White "Shumiakina, Tatiana"]
[Black "Girya, Olga"]
[Result "1/2-1/2"]
[WhiteElo "2341"]
[BlackElo "2332"]
[PlyCount "80"]
[EventDate "2008.11.21"]
[EventType "swiss"]
[EventRounds "10"]
[EventCountry "RUS"]
[SourceTitle "EXT 2010"]
[Source "ChessBase"]
[SourceDate "2010.11.25"]
[SourceVersion "1"]
[SourceVersionDate "2010.11.25"]
[SourceQuality "1"]

1. d4 Nf6 2. Nf3 g6 3. c4 Bg7 4. g3 c5 5. Bg2 Qa5+ 6. Nc3 Nc6 7. 0-0 cxd4 8. Nxd4 Qc5 9. Ndb5 0-0 10. Nc7 Rb8 11. N7d5 Qxc4 12. Bf4 e5 13. b3 Qd4 14. Qxd4 exd4 15. Bxb8 dxc3 16. Bd6 Rd8 17. Rac1 Nxd5 18. Bxd5 Nd4 19. Rfe1 b6 20. e3 Nb5 21. Bf4 d6 22. Red1 Bf5 23. a4 c2 24. axb5 cxd1Q+ 25. Rxd1 Bf6 26. e4 Bg4 27. Rc1 g5 28. Be3 Rc8 29. Rxc8+ Bxc8 30. f4 h6 31. Kf2 Kf8 32. f5 Bd7 33. Bc4 Ke7 34. g4 Be5 35. h3 f6 36. Ke2 Be8 37. Kd3 h5 38. Bd4 h4 39. Be3 Bd7 40. Bd2 Ke8 1/2-1/2

[Event "St Petersburg Rudenko Memorial (Women)"]
[Site "St Petersburg"]
[Date "2008.08.29"]
[Round "4"]
[White "Solovjova, Valentina"]
[Black "Shumiakina, Tatiana"]
[Result "1/2-1/2"]
[WhiteElo "2307"]
[BlackElo "2351"]
[PlyCount "22"]
[EventDate "2008.08.26"]
[EventType "swiss"]
[EventRounds "9"]
[EventCountry "RUS"]
[SourceTitle "EXT 2010"]
[Source "ChessBase"]
[SourceDate "2010.11.25"]
[SourceVersion "1"]
[SourceVersionDate "2010.11.25"]
[SourceQuality "1"]

1. e4 e5 2. Nf3 Nf6 3. Nc3 Nc6 4. g3 d5 5. exd5 Nxd5 6. Bg2 Nxc3 7. bxc3 Bd6 8. 0-0 0-0 9. Rb1 Rb8 10. d3 Bf5 11. Ng5 Qd7 1/2-1/2

[Event "St Petersburg Rudenko Memorial (Women)"]
[Site "St Petersburg"]
[Date "2008.08.28"]
[Round "3"]
[White "Shumiakina, Tatiana"]
[Black "Shulakova, Svetlana"]
[Result "1-0"]
[WhiteElo "2351"]
[BlackElo "2158"]
[PlyCount "137"]
[EventDate "2008.08.26"]
[EventType "swiss"]
[EventRounds "9"]
[EventCountry "RUS"]
[SourceTitle "EXT 2010"]
[Source "ChessBase"]
[SourceDate "2010.11.25"]
[SourceVersion "1"]
[SourceVersionDate "2010.11.25"]
[SourceQuality "1"]

1. d4 d5 2. c4 c6 3. Nf3 Nf6 4. Qb3 dxc4 5. Qxc4 Bf5 6. Nc3 e6 7. g3 b5 8. Qb3 b4 9. Na4 Nbd7 10. Bg2 Be4 11. 0-0 Be7 12. Bg5 Qa5 13. Bxf6 Bxf6 14. Rfc1 0-0 15. Nc5 Nxc5 16. Rxc5 Qb6 17. e3 Be7 18. Rcc1 Rfc8 19. Qc4 Bd5 20. Qe2 Be4 21. Ne5 Bxg2 22. Kxg2 Bd6 23. Nc4 Qd8 24. Nxd6 Qxd6 25. Rc5 Rab8 26. Rac1 Rb6 27. b3 h6 28. h4 Re8 29. Qf3 Rc8 30. Qe4 Ra6 31. R1c2 Rc7 32. Qf4 Qxf4 33. gxf4 Kf8 34. f5 Ke7 35. fxe6 fxe6 36. f4 Kd6 37. Kf3 Rf7 38. Ke4 Rf6 39. Rg2 Rf7 40. Kd3 Rb6 41. Kc4 Rbb7 42. Rg6 Rf6 43. Rg2 Rff7 44. Ra5 Rf8 45. Ra4 Rf5 46. Rxb4 Rc7 47. Rb8 c5 48. Rd8+ Ke7 49. Rg8 cxd4+ 50. Kxd4 Rd5+ 51. Ke4 Kf6 52. Rf8+ Rf7 53. Rxf7+ Kxf7 54. Rc2 Ra5 55. a4 Kf6 56. Rc7 Kg6 57. Kf3 Kf6 58. e4 Ra6 59. Rb7 Rc6 60. h5 e5 61. Rxa7 Rc3+ 62. Kg4 exf4 63. Kxf4 Rxb3 64. Ra6+ Kf7 65. Ke5 Rb7 66. Kf5 Rc7 67. e5 Ke7 68. a5 Rb7 69. Rb6 1-0

[Event "St Petersburg Rudenko Memorial (Women)"]
[Site "St Petersburg"]
[Date "2008.08.26"]
[Round "1"]
[White "Sokolova, Vera Evgenyevna"]
[Black "Shumiakina, Tatiana"]
[Result "1/2-1/2"]
[WhiteElo "2084"]
[BlackElo "2351"]
[PlyCount "77"]
[EventDate "2008.08.26"]
[EventType "swiss"]
[EventRounds "9"]
[EventCountry "RUS"]
[SourceTitle "EXT 2010"]
[Source "ChessBase"]
[SourceDate "2010.11.25"]
[SourceVersion "1"]
[SourceVersionDate "2010.11.25"]
[SourceQuality "1"]

1. e4 d6 2. d4 Nf6 3. Nc3 e5 4. dxe5 dxe5 5. Qxd8+ Kxd8 6. Bg5 Be6 7. Nf3 Bd6 8. Rd1 Nbd7 9. Bb5 Kc8 10. 0-0 h6 11. Bh4 a6 12. Be2 g5 13. Bg3 b5 14. a3 Kb7 15. Ne1 Nb6 16. Nd3 Nfd7 17. b3 f6 18. Ra1 Nc5 19. f3 Nxd3 20. Bxd3 Bc5+ 21. Bf2 Bxf2+ 22. Rxf2 Rhd8 23. Rd1 Rd6 24. g3 Rad8 25. Rb1 Nd7 26. a4 c6 27. b4 Nb6 28. a5 Na4 29. Nxa4 bxa4 30. Ra1 Rd4 31. f4 gxf4 32. gxf4 Rg8+ 33. Kf1 Rxb4 34. fxe5 fxe5 35. Rf6 Bh3+ 36. Kf2 Rg7 37. Rxh6 Bd7 38. Ke3 Kc7 39. Bxa6 1/2-1/2

[Event "RUS-ch (Women) 58th"]
[Site "Cheliabinsk"]
[Date "2008.06.06"]
[Round "3"]
[White "Ivakhinova, Inna"]
[Black "Shumiakina, Tatiana"]
[Result "1/2-1/2"]
[WhiteElo "2265"]
[BlackElo "2360"]
[PlyCount "57"]
[EventDate "2008.06.04"]
[EventType "swiss"]
[EventRounds "9"]
[EventCountry "RUS"]
[SourceTitle "CBM 124 Extra"]
[Source "ChessBase"]
[SourceDate "2008.07.03"]
[SourceVersion "1"]
[SourceVersionDate "2008.07.03"]
[SourceQuality "1"]

1. d4 d5 2. c4 c6 3. Nf3 Nf6 4. Qb3 dxc4 5. Qxc4 Bf5 6. g3 e6 7. Bg2 Nbd7 8. 0-0 Be7 9. Nc3 0-0 10. Re1 Ne4 11. Qb3 Nb6 12. a4 Nxc3 13. bxc3 Be4 14. Nd2 Bxg2 15. Kxg2 Qd5+ 16. e4 Qxb3 17. Nxb3 Nc4 18. Nd2 Nxd2 19. Bxd2 Rfd8 20. Be3 b6 21. Kf1 Rd7 22. Ke2 Rc8 23. Reb1 c5 24. a5 cxd4 25. Bxd4 f6 26. axb6 axb6 27. Rxb6 e5 28. Be3 Rxc3 29. Rc1 1/2-1/2

[Event "RUS-ch (Women) 58th"]
[Site "Cheliabinsk"]
[Date "2008.06.05"]
[Round "2"]
[White "Shumiakina, Tatiana"]
[Black "Savina, Anastasia"]
[Result "1/2-1/2"]
[WhiteElo "2360"]
[BlackElo "2249"]
[PlyCount "115"]
[EventDate "2008.06.04"]
[EventType "swiss"]
[EventRounds "9"]
[EventCountry "RUS"]
[SourceTitle "CBM 124 Extra"]
[Source "ChessBase"]
[SourceDate "2008.07.03"]
[SourceVersion "1"]
[SourceVersionDate "2008.07.03"]
[SourceQuality "1"]

1. d4 Nf6 2. c4 g6 3. Nc3 Bg7 4. e4 d6 5. Nf3 0-0 6. Be2 e5 7. 0-0 Na6 8. Be3 Ng4 9. Bg5 Qe8 10. dxe5 dxe5 11. h3 f6 12. Bc1 Nh6 13. c5 Nxc5 14. Be3 Ne6 15. Nb5 a6 16. Nxc7 Nxc7 17. Qc1 Ne6 18. Bxh6 Bxh6 19. Qxh6 Nf4 20. Rfe1 Be6 21. Bf1 Rd8 22. g3 Nd3 23. Re2 Qe7 24. a3 Nc5 25. Rae1 Nb3 26. Rc2 Rc8 27. Rxc8 Rxc8 28. Qe3 Qc5 29. Qxc5 Rxc5 30. Rd1 Kf7 31. Ne1 Ke7 32. Kg2 a5 33. Bd3 b5 34. Nc2 Bc4 35. Ne3 Bxd3 36. Rxd3 Nd4 37. b4 axb4 38. axb4 Rc1 39. Ra3 Nc6 40. Nd5+ Kf7 41. Ra6 f5 42. Rb6 fxe4 43. Rxb5 Nd4 44. Rb7+ Ke6 45. Nc7+ Kf5 46. g4+ Kg5 47. h4+ Kxg4 48. Nd5 Nc2 49. Nf6+ Kxh4 50. Rxh7+ Kg5 51. Nxe4+ Kf4 52. Nc5 e4 53. Rh1 Rxh1 54. Kxh1 e3 55. fxe3+ Nxe3 56. b5 Nd5 57. Kg2 Ke5 58. Kg3 1/2-1/2

[Event "RUS-chT (Women)"]
[Site "Dagomys"]
[Date "2008.04.10"]
[Round "8"]
[White "Shumiakina, Tatiana"]
[Black "Sudakova, Irina"]
[Result "1/2-1/2"]
[WhiteElo "2360"]
[BlackElo "2330"]
[PlyCount "33"]
[EventDate "2008.04.02"]
[EventType "team"]
[EventRounds "9"]
[EventCountry "RUS"]
[SourceTitle "CBM 123 Extra"]
[Source "ChessBase"]
[SourceDate "2008.05.06"]
[SourceVersion "1"]
[SourceVersionDate "2008.05.06"]
[SourceQuality "1"]

1. d4 d5 2. c4 e6 3. Nf3 Nf6 4. Bg5 dxc4 5. Qa4+ Nbd7 6. Qxc4 c5 7. Nc3 a6 8. Bxf6 Qxf6 9. Ne4 Qf4 10. Nxc5 Nxc5 11. e3 Qc7 12. dxc5 Qxc5 13. a3 Qxc4 14. Bxc4 Bd6 15. Ke2 Ke7 16. Bd3 Bd7 17. Nd2 1/2-1/2

[Event "Stockholm SCT op (Women)"]
[Site "Stockholm"]
[Date "2008.03.23"]
[Round "6"]
[White "Shumiakina, Tatiana"]
[Black "Sarakauskiene, Zivile"]
[Result "1-0"]
[WhiteElo "2352"]
[BlackElo "2226"]
[PlyCount "105"]
[EventDate "2008.03.20"]
[EventType "swiss"]
[EventRounds "9"]
[EventCountry "SWE"]
[SourceTitle "CBM 123 Extra"]
[Source "ChessBase"]
[SourceDate "2008.05.06"]
[SourceVersion "1"]
[SourceVersionDate "2008.05.06"]
[SourceQuality "1"]

1. d4 d5 2. c4 dxc4 3. Nf3 Nf6 4. e3 e6 5. Bxc4 c5 6. 0-0 a6 7. Bb3 Be7 8. Nc3 0-0 9. Qe2 Nbd7 10. Rd1 Qc7 11. e4 cxd4 12. Nxd4 b5 13. e5 Ne8 14. Bf4 Nc5 15. Bc2 g6 16. Rac1 Bb7 17. b4 Nd7 18. Be4 Bxb4 19. Nd5 Bxd5 20. Bxd5 exd5 21. Rxc7 Nxc7 22. e6 Nxe6 23. Nxe6 fxe6 24. Qxe6+ Rf7 25. Qxd5 Re8 26. Be3 Ne5 27. h3 Bc3 28. Qb3 Ba5 29. Rd6 Nc4 30. Rxa6 Nxe3 31. fxe3 Bd2 32. Re6 Rxe6 33. Qxe6 b4 34. Kh2 Kg7 35. h4 h5 36. Qe5+ Rf6 37. Kh3 Bc3 38. Qd5 Rf5 39. Qc6 Rf6 40. Qc4 Be1 41. e4 Bc3 42. a3 Be5 43. Qd5 Bc7 44. axb4 Rd6 45. Qe5+ Kf7 46. Qc3 Bb6 47. e5 Re6 48. Kg3 Ke7 49. Kf4 Kd7 50. b5 Bd8 51. Ke4 Bxh4 52. Qh3 g5 53. Kd5 1-0

[Event "Keres Memorial-B"]
[Site "Tallinn"]
[Date "2008.01.09"]
[Round "4"]
[White "Shumiakina, Tatiana"]
[Black "Skinke, Katrina"]
[Result "1-0"]
[WhiteElo "2352"]
[BlackElo "2180"]
[PlyCount "51"]
[EventDate "2008.01.06"]
[EventType "tourn"]
[EventRounds "9"]
[EventCountry "EST"]
[EventCategory "1"]
[SourceTitle "CBM 122 Extra"]
[Source "ChessBase"]
[SourceDate "2008.03.04"]
[SourceVersion "1"]
[SourceVersionDate "2008.03.04"]
[SourceQuality "1"]

1. d4 Nf6 2. Nf3 g6 3. c4 d6 4. g3 Bg7 5. Bg2 0-0 6. 0-0 Nc6 7. Nc3 a6 8. d5 Na5 9. b3 c5 10. dxc6 Nxc6 11. Bb2 d5 12. Nxd5 Nxd5 13. Bxg7 Ne3 14. Qxd8 Rxd8 15. fxe3 Kxg7 16. Rad1 Rxd1 17. Rxd1 e5 18. Ng5 Bg4 19. h3 h6 20. Nxf7 Kxf7 21. hxg4 Rd8 22. Rxd8 Nxd8 23. Bd5+ Kf6 24. Kf2 a5 25. Kf3 Nc6 26. a3 1-0

[Event "Keres Memorial-B"]
[Site "Tallinn"]
[Date "2008.01.07"]
[Round "2"]
[White "Shumiakina, Tatiana"]
[Black "Tsiganova, Monika"]
[Result "1/2-1/2"]
[WhiteElo "2352"]
[BlackElo "2221"]
[PlyCount "71"]
[EventDate "2008.01.06"]
[EventType "tourn"]
[EventRounds "9"]
[EventCountry "EST"]
[EventCategory "1"]
[SourceTitle "CBM 122 Extra"]
[Source "ChessBase"]
[SourceDate "2008.03.04"]
[SourceVersion "1"]
[SourceVersionDate "2008.03.04"]
[SourceQuality "1"]

1. d4 Nf6 2. c4 g6 3. Nf3 Bg7 4. g3 0-0 5. Bg2 d6 6. 0-0 Nc6 7. h3 Rb8 8. Nc3 a6 9. e4 Nd7 10. Rb1 Na5 11. Qe2 b5 12. cxb5 axb5 13. b4 Nc4 14. Rd1 c6 15. a4 Ba6 16. a5 c5 17. Na2 cxd4 18. Nxd4 Qc7 19. Be3 Nxe3 20. Qxe3 Ne5 21. Nc3 e6 22. Rbc1 Nc4 23. Qe2 Rfc8 24. Bf1 Qd7 25. Kh2 Rc7 26. Ncxb5 Bxb5 27. Nxb5 Qxb5 28. Rxc4 Rxc4 29. Qxc4 Qxc4 30. Bxc4 Rxb4 31. Bf1 Bd4 32. Rd2 Ra4 33. a6 Bc5 34. Bd3 Kg7 35. Kg2 f5 36. Re2 1/2-1/2

[Event "RUS Cup tt"]
[Site "Miass"]
[Date "2007.11.27"]
[Round "10"]
[White "Kosolapova, Lilia"]
[Black "Shumiakina, Tatiana"]
[Result "0-1"]
[WhiteElo "1985"]
[BlackElo "2361"]
[PlyCount "78"]
[EventDate "2007.11.19"]
[EventType "swiss"]
[EventRounds "10"]
[EventCountry "RUS"]
[SourceTitle "CBM 121 Extra"]
[Source "ChessBase"]
[SourceDate "2008.01.10"]
[SourceVersion "1"]
[SourceVersionDate "2008.01.10"]
[SourceQuality "1"]

1. d4 d5 2. c4 e6 3. Nc3 c6 4. cxd5 exd5 5. Nf3 Bd6 6. e3 Nf6 7. Bd3 0-0 8. 0-0 Bg4 9. h3 Bh5 10. Bd2 Re8 11. Be2 Nbd7 12. a3 Qe7 13. b4 a6 14. Ne1 Bxe2 15. Qxe2 Nb6 16. Nd3 Nc4 17. Rfb1 a5 18. Nd1 axb4 19. axb4 Na3 20. Rc1 Nb5 21. Nc3 Rxa1 22. Rxa1 Nxd4 23. exd4 Qxe2 24. Nxe2 Rxe2 25. Be3 h6 26. Ra7 b5 27. Ra6 Rc2 28. Nc5 Rb2 29. g3 Rxb4 30. Rxc6 Bxc5 31. dxc5 d4 32. Bxh6 Ne4 33. Bf4 g5 34. f3 Rb1+ 35. Kg2 Rb2+ 36. Kg1 gxf4 37. fxe4 d3 38. Rd6 d2 39. Kf1 fxg3 0-1

[Event "RUS Cup tt"]
[Site "Miass"]
[Date "2007.11.21"]
[Round "3"]
[White "Shumiakina, Tatiana"]
[Black "Meshcheriakova, Evgenia"]
[Result "1-0"]
[WhiteElo "2361"]
[BlackElo "2302"]
[PlyCount "95"]
[EventDate "2007.11.19"]
[EventType "swiss"]
[EventRounds "10"]
[EventCountry "RUS"]
[SourceTitle "CBM 121 Extra"]
[Source "ChessBase"]
[SourceDate "2008.01.10"]
[SourceVersion "1"]
[SourceVersionDate "2008.01.10"]
[SourceQuality "1"]

1. d4 e6 2. c4 Bb4+ 3. Bd2 a5 4. g3 Nf6 5. Bg2 d6 6. Nf3 Nbd7 7. 0-0 e5 8. Bg5 exd4 9. Nxd4 0-0 10. a3 Bc5 11. Nc3 h6 12. Bxf6 Nxf6 13. Qd2 Re8 14. Rad1 c6 15. h3 Bd7 16. Nb3 Be6 17. Nxc5 dxc5 18. b3 Qxd2 19. Rxd2 Rad8 20. Rfd1 Rxd2 21. Rxd2 Kf8 22. e4 Ke7 23. f4 g6 24. g4 Bc8 25. Kf2 g5 26. Kg3 gxf4+ 27. Kxf4 Nd7 28. e5 Nf8 29. Ne4 Ng6+ 30. Kg3 Nxe5 31. Nxc5 Rd8 32. Rxd8 Kxd8 33. Be4 Ke7 34. Kf4 Kd6 35. Na4 Ng6+ 36. Bxg6 fxg6 37. Nc3 g5+ 38. Ke3 Ke5 39. Ne4 b6 40. Nd2 c5 41. Nf3+ Kf6 42. Kf2 Bb7 43. Ke3 Bxf3 44. Kxf3 Ke5 45. Ke3 Kd6 46. Ke4 a4 47. bxa4 Ke6 48. a5 1-0

[Event "Andorra op 25th"]
[Site "Andorra"]
[Date "2007.07.07"]
[Round "8"]
[White "Shumiakina, Tatiana"]
[Black "Popilski, Gil"]
[Result "1-0"]
[WhiteElo "2375"]
[BlackElo "2193"]
[PlyCount "91"]
[EventDate "2007.06.30"]
[EventType "swiss"]
[EventRounds "9"]
[EventCountry "AND"]
[SourceTitle "CBM 119 Extra"]
[Source "ChessBase"]
[SourceDate "2007.09.04"]
[SourceVersion "1"]
[SourceVersionDate "2007.09.04"]
[SourceQuality "1"]

1. d4 Nf6 2. c4 c5 3. d5 e6 4. Nc3 exd5 5. cxd5 d6 6. Nf3 g6 7. e4 a6 8. a4 Bg4 9. Be2 Bxf3 10. Bxf3 Nbd7 11. 0-0 Bg7 12. Bf4 Qe7 13. a5 0-0 14. Re1 Ne8 15. Qd2 Rb8 16. Be2 Nc7 17. Bg5 f6 18. Be3 b6 19. axb6 Rxb6 20. Bg4 Ne5 21. Na4 Rbb8 22. Be2 Qd7 23. Qa5 g5 24. Nb6 Qf7 25. b4 cxb4 26. Rab1 f5 27. exf5 Qxf5 28. Qxb4 Qg6 29. Qd2 g4 30. Rbc1 Nf3+ 31. Bxf3 gxf3 32. g3 Qf5 33. Rxc7 Qh3 34. Rxg7+ Kh8 35. Rxh7+ Kxh7 36. Qd3+ Rf5 37. Qf1 Qxf1+ 38. Kxf1 Kg6 39. Bd4 Rf7 40. Re6+ Kf5 41. h3 Rh7 42. h4 Rc7 43. Ke1 a5 44. Kd2 a4 45. Rf6+ Kg4 46. Rf4+ 1-0